000
00275nam a2200097Ia 4500
008
220204s9999 xx 000 0 und d
082
_a
657.4
_b
IND
245
0
_a
Account code. V 4. Accounts kept in account offices
260
_a
Delhi
_b
Manager of Publications
_c
1962
942
_c
BK
999
_c
20121
_d
20121